|
|
|
|
| LEADER |
00000nla2a2200000 4500 |
| 001 |
234396 |
| 005 |
20231031203915.0 |
| 035 |
|
|
|a (RuTPU)RU\TPU\book\255519
|
| 035 |
|
|
|a RU\TPU\book\255488
|
| 090 |
|
|
|a 234396
|
| 100 |
|
|
|a 20130325d2011 k y0rusy50 ca
|
| 101 |
0 |
|
|a rus
|
| 102 |
|
|
|a RU
|
| 105 |
|
|
|a y z 101zy
|
| 135 |
|
|
|a drnn ---uucaa
|
| 181 |
|
0 |
|a i
|
| 182 |
|
0 |
|a b
|
| 200 |
1 |
|
|a Исследование напряженно-деформированного состояния в системах с термобарьерными покрытиями. Дискретно-континуальное моделирование
|b Электронный ресурс
|f Г. Ш. Бикинеев, Д. Д. Моисеенко, П. В. Максимов
|g науч. рук. В. Е. Панин
|
| 203 |
|
|
|a Текст
|c электронный
|
| 225 |
1 |
|
|a Материаловедение
|
| 230 |
|
|
|a 1 компьютерный файл (pdf; 381 Kb)
|
| 300 |
|
|
|a Заглавие с титульного экрана
|
| 320 |
|
|
|a [Библиогр.: с. 102 (3 назв.)]
|
| 337 |
|
|
|a Adobe Reader
|
| 461 |
|
1 |
|0 (RuTPU)RU\TPU\book\255301
|t Современные техника и технологии
|o сборник трудов XVII международной научно-практической конференции студентов, аспирантов и молодых ученых, Томск, 18-22 апреля 2011 г
|o в 3 т.
|f Национальный исследовательский Томский политехнический университет (ТПУ)
|d 2011
|
| 463 |
|
1 |
|0 (RuTPU)RU\TPU\book\255307
|t Т. 2
|v [С. 101-102]
|d 2011
|
| 610 |
1 |
|
|a труды учёных ТПУ
|
| 610 |
1 |
|
|a электронный ресурс
|
| 610 |
1 |
|
|a исследования
|
| 610 |
1 |
|
|a напряженно-деформированное состояние
|
| 610 |
1 |
|
|a покрытия
|
| 610 |
1 |
|
|a моделирование
|
| 700 |
|
1 |
|a Бикинеев
|b Г. Ш.
|
| 701 |
|
1 |
|a Моисеенко
|b Д. Д.
|
| 701 |
|
1 |
|a Максимов
|b П. В.
|
| 702 |
|
1 |
|a Панин
|b В. Е.
|c специалист в области физики и механики деформируемого твердого тела, физического материаловедения
|c доктор физико-математических наук, профессор Томского политехнического университета
|c зав. кафедрой материаловедения в машиностроении
|c директор Российского материаловедческого центра
|c научный руководитель Института физики прочности и материаловедения СО РАН
|f 1930-
|g Виктор Евгеньевич
|2 stltpush
|3 (RuTPU)RU\TPU\pers\12102
|4 727
|
| 801 |
|
2 |
|a RU
|b 63413507
|c 20130416
|g RCR
|
| 856 |
4 |
|
|u http://www.lib.tpu.ru/fulltext/c/2011/C01/V02/047.pdf
|
| 942 |
|
|
|c CF
|